Statistics for Name a Valid Airline

Click here to take the quiz!

General Stats

  • This quiz has been taken 86 times
  • The average score is 12 of 15

Answer Stats

HintAnswer% Correct
Fly to over 200 destinations*Air Canada, Air China, Air France, American Airlines, China Eastern, China Southern, Delta Airlines, Lufthansa, +3 more
96%
Flies to all 6 inhabited continentsAir Canada, Air China, Air France, British Airways, Delta Airlines, Emirates, LATAM, Qantas, +2 more
95%
Airlines that serve New York-Laguardia (LGA)Air Canada, Air Canada Express, American Airlines, American Eagle, Delta, Delta Connection, Frontier Airlines, JetBlue, +5 more
93%
Rated 5 stars on SkytraxAll Nippon Airways, Asiana Airlines, Cathay Pacific, EVA Air, Garuda Indonesia, Hainan Airlines, Japan Airlines, Korean Air, +3 more
92%
Over 500 AircraftAmerican Airlines, China Eastern, China Southern, Delta Airlines, Southwest Airlines, United Airlines
89%
Operates the Kangaroo Route**Air China, Air India, All Nippon Airways, Asiana Airlines, British Airways, Cathay Pacific, China Airlines, China Eastern, +14 more
86%
Airlines that have a hub at Shanghai-Pudong (PVG)Air China, China Eastern, China Southern, Juneyao Airlines, Shanghai Airlines, Spring Airlines, Suparna Airlines
86%
Operator of A380-800All Nippon Airways, Asiana Airlines, British Airways, China Southern, Emirates, Etihad, Korean Air, Lufthansa, +5 more
84%
Lufthansa Group AirlinesAir Dolomiti, Austrian Airlines, Brussels Airlines, Edelweiss Air, Eurowings, Lufthansa Airlines, Lufthansa CityLine, SunExpress, Swiss International Air Lines
81%
Members of Oneworld AllianceAlaska Airlines, American Airlines, British Airways, Cathay Pacific, Finnair, Iberia, Japan Airlines, Malaysia Airlines, +6 more
81%
Over 1000 routesAmerican Airlines, Ryanair
77%
Operates a flight over 9000 miles (14481 km)Qantas, Qatar Airlines, Singapore Airlines
77%
Top 5 Largest Airlines of AfricaAir Algerie, EgyptAir, Ethiopian Airlines, Royal Air Maroc, South African Airways
76%
AirAsia Group AirlinesAirAsia, AirAsia X, AirAsia India, Indonesia AirAsia, Indonesia AirAsia X, Philippines AirAsia, Thai AirAsia, Thai AirAsia X
65%
Serves more than 100 countries*Turkish Airlines
59%

Score Distribution

Percentile by Number Answered

Percent of People with Each Score

Your Score History

You have not taken this quiz